1904 1465 1248 1099 1645 1286 1594 1260 1215 1960 1579 1593 1591 1234 1727 1189 1264 1547 1332 1891 1744 1381 1892 1074 1586 1529 1161 1247 1117 1804 1617 1473 1648 1393 1666 1957 1461 1748 1978 1459 1858 1729 1111 1771 1457 1072 1568 1957 1566 1195 1634 1642 1489 1447 1212 1030 1895 1088 1736 1234 1433 1267 1853 1217 1574 1651 1565 1302 1683 1520 1655 1965 1310 1556 1912 1238 1097 1346 1730 1369 1977 1511 1313 1595 1562 1892 1665 1766 1910 1020 1112 1165 1765 1160 1075 1799 1550 1593 1122 BCNSPRNW ULIB Ver.6.0+V

เปลี่ยนเป็นภาษาไทย

Change to English
 แสดงรายละเอียดบรรณานุกรม
  กลับหน้าหลัก

Brief Record : Get Marc (ISO 2709) : E-mail record : QR code < ปิดหน้าต่าง
LEADER : 00000nam 2200000uu 4500
001    13399113156
003     ULIB
008    110429s2553||||th 000 0 tha d
020    9786161100117
060  4 WM274^bม453ก 2553
100 0  มานิต ศรีสุธภานนท์
245 10 การใช้ยาในการบำบัดรักษาผู้ติดสุรา =^b Drug teratment for people with alcoholism /^cมานิต ศรีสุธภานนท์
246 31 Drug teratment for people with alcoholism
250    พิมพ์ครั้งที่ 3
260    เชียงใหม่ :^bแผนงานการพัฒนาระบบรูปแบบและวิธีการบำบัดรักษาผู้มีปัญหาการบริโภคสุราแบบบูรณาการ โรงพยาบาลสวนปรุง,^c2553
300    [10], 38 หน้า :^bภาพประกอบ
650  4 คนดื่มสุรา^xการรักษา^xยา
650  4 คนดื่มสุรา^xการใช้ยา
650  4 ผู้ติดสุรา^xการรักษา^xยา
710 2  โรงพยาบาลสวนปรุง.^bแผนงานการพัฒนาระบบรูปแบบและวิธีการบำบัดรักษาผู้มีปัญหาการบริโภคสุราแบบบูรณาการ
945    ^p0^l0^i027601
995    ทศพร
999 ^a ใช้งานได้ทุกระบบ
รายการนี้ยังไม่มีแท็ก
คุณยังไม่ได้ล็อกอิน คุณสามารถมีกิจกรรมร่วมกับเว็บไซต์ได้ แต่ต้องล็อกอินก่อน ::
  ล็อกอิน

รายการสื่อสารสนเทศ

ลำดับที่ ประเภท เลขเรียก/บาร์โค้ด สถานที่ สถานะ
1. วิทยาศาสตร์การแพทย์ และสุขภาพ
หนังสือสำรอง
สถานะ=หนังสือสำรอง
WM274 ม453ก 2553 ฉ.1 
  Barcode: 027601
ห้องสมุดวิทยาเขตสวรรค์ประชารักษ์
►ส่วนจัดเก็บหนังสือเก่า สปร
บนชั้น
  ขอยืม

BibComment


ยังไม่เคยถูกคอมเมนท์

คอมเมนท์ทรัพยากรรายการนี้
  คอมเมนท์: การใช้ยาในการบำบั..


 Copyright 2026. Bcnsprnw @Library